Supermarkeder i Danmark - Statistics

General Stats
  • This quiz has been taken 133 times
  • The average score is 10 of 19
Answer Stats
Answer % Correct
Netto
98%
Rema1000
95%
Super Brugsen
92%
Føtex
89%
Lidl
82%
Bilka
76%
365
70%
Kvickly
68%
Meny
67%
Spar
64%
Dagli' Brugsen
59%
Min Købmand
48%
Let-køb
24%
ABC Lavpris
22%
Føtexfood
21%
LokalBrugsen
13%
Nærkøb
8%
Prisa
5%
Løvbjerg Supermarked
3%
No matching quizzes found
Score Distribution
Percent of People with Each Score
Percentile by Number Answered
Your Score History
You have not taken this quiz